| 000 | 00345nam a22001097a 4500 | ||
|---|---|---|---|
| 008 | 140526t xxu||||| |||| 00| 0 eng d | ||
| 020 | _a81-219-1987-8 | ||
| 100 |
_aK.G. Ramawat _9896 |
||
| 245 |
_aComprehensive biotechnology _bfor b.sc and m.sc students of different indian universities as per UGC model curriculum |
||
| 300 | _a706 | ||
| 942 |
_2ddc _cBK |
||
| 999 |
_c17135 _d17135 |
||